1103 1619 1861 1528 1756 1962 1824 1804 1482 1814 1168 1606 1173 1694 1990 1929 1182 1886 1892 1449 1025 1671 1402 1513 1380 1894 1651 1536 1045 1843 1637 1126 1318 1862 1426 1858 1722 1300 1003 1008 1141 1932 1402 1616 1697 1482 1229 1152 1621 1757 1325 1499 1142 1170 1613 1529 1080 1546 1929 1930 1620 1959 1020 1396 1124 1689 1767 1496 1987 1055 1845 1354 1045 1408 1061 1598 1750 1530 1668 1411 1078 1241 1288 1756 1404 1875 1396 1174 1129 1415 1920 1873 1570 1438 1328 1029 1950 1252 1008 BCNSPRNW ULIB Ver.6.0+V

เปลี่ยนเป็นภาษาไทย

Change to English
 แสดงรายละเอียดบรรณานุกรม
  กลับหน้าหลัก

Brief Record : Get Marc (ISO 2709) : E-mail record : QR code < ปิดหน้าต่าง
LEADER : 00000nam 2200000uu 4500
001    13399112331
003     ULIB
008    110627s||||||||th 000 0 tha d
020    9786160602933
090    นว.^bส731ห 2554
100 0  สิรินดา
245 00 เหลี่ยมรักมัดใจ/^cสิรินดา
250    พิมพ์ครั้งที่ 3
260    กรุงเทพฯ :^bแจ่มใส,^c2554
300    220 หน้า
710 1  แจ่มใส
945    ^p149^l0^i030397
995    ทศพร
999 ^a ใช้งานได้ทุกระบบ
รายการนี้ยังไม่มีแท็ก
คุณยังไม่ได้ล็อกอิน คุณสามารถมีกิจกรรมร่วมกับเว็บไซต์ได้ แต่ต้องล็อกอินก่อน ::
  ล็อกอิน

รายการสื่อสารสนเทศ

ลำดับที่ ประเภท เลขเรียก/บาร์โค้ด สถานที่ สถานะ
- ไม่พบข้อมูล -

รายการใกล้เคียง
    ผู้แต่ง [สิรินดา]

BibComment


ยังไม่เคยถูกคอมเมนท์

คอมเมนท์ทรัพยากรรายการนี้
  คอมเมนท์: เหลี่ยมรักมัดใจ ส..


 Copyright 2026. Bcnsprnw @Library